00341nam a2200145Ia 45000030006000000080041000060400015000471000025000622450030000872500006001172600035001233000006001585460014001640050017001780STCL150530s9999 xx 000 0 und d aSTCLcSTCL aVasudevan Nair, M.T. aHemingway - Oru Mughavura a3 bPoorna; Calicutc1987aCalicut a0 aMalayalam20220125171819.0